Identidad de Ariaria superba cuervo Márquez (<Caesalpiniaceae-Bauhiniae>) (Registro nro. 15263)

Detalles MARC
000 -CABECERA
Campo de control 003450000a22001090004500
090 ## - CLASIFICACIÓN LOCAL
Colección AS
Consecutivo Seriadas
041 0# - IDIOMA
Código de idioma para texto/pista de sonido o título separado
100 1# - ASIENTO PRINCIPAL--NOMBRE PERSONAL
Nombre personal Forero González, Enrique
245 10 - MENCION DE TITULO
Título Identidad de Ariaria superba cuervo Márquez (<Caesalpiniaceae-Bauhiniae>)
773 1# - Item fuente:
Título Mutisia: Acta Botánica Colombiana
Especificación de materiales 893
Descripción física 30
Paginas del Articulo 1-6
Lugar, editorial y fecha de publicación 1966
942 ## - ELEMENTOS ADICIONALES (KOHA)
Tipo de ítem Artículo

No hay ítems disponibles.